Heart disease in infants,children and adolescents (Record no. 2606)

MARC details
000 -LEADER
fixed length control field 00374nam a2200145Ia 4500
008 - FIXED-LENGTH DATA ELEMENTS--GENERAL INFORMATION
fixed length control field 230312s9999||||xx |||||||||||||| ||und||
020 ## - INTERNATIONAL STANDARD BOOK NUMBER
International Standard Book Number 0-683-30742-8
082 ## - DEWEY DECIMAL CLASSIFICATION NUMBER
Classification number 618.9212
Item number ALL-H
100 ## - MAIN ENTRY--PERSONAL NAME
Personal name Allen;hugh,D
245 #0 - TITLE STATEMENT
Title Heart disease in infants,children and adolescents
260 ## - PUBLICATION, DISTRIBUTION, ETC.
Name of publisher, distributor, etc. Lipponcott
Place of publication, distribution, etc. UK
Date of publication, distribution, etc. 2001
300 ## - PHYSICAL DESCRIPTION
Extent 705
650 ## - SUBJECT ADDED ENTRY--TOPICAL TERM
Topical term or geographic name entry element Medical
Form subdivision Pathology
942 ## - ADDED ENTRY ELEMENTS (KOHA)
Koha item type BOOK
Holdings
Withdrawn status Lost status Source of classification or shelving scheme Damaged status Not for loan Home library Current library Date acquired Total Checkouts Full call number Barcode Date last seen Price effective from Koha item type
    Dewey Decimal Classification     Superior Information Resource Center (SIRC) Superior University- Central Library Superior Information Resource Center (SIRC) Superior University- Central Library 03/13/2023   618.9212 ALL-H 2619 03/13/2023 03/13/2023 BOOK

Powered by Koha